00940nam a2200193 a 450000100060000000300090000600800410001504000280005608200200008410000240010424500230012826000390015130000110019050503310020165000300053294200120056299900170057495201550059114640CO-ViMGA141112s2004 ck r 000 u spa d aCO-ViMGAbspacCO-ViMGA04a398.20938 R673m1 aRose, H, J, 92136010aMitología Griega aBarcelona.Editorial Labor s.a.1970 a358.p. aHistoria de la mitología. - El origen de las cosas. - Los hijos de Crono - I. - Los hijos de Crono II. - Los reinos del cielo. - Los dioses mas jóvenes. - Deidades menores y extranjeras. - Los ciclos de la saga. - Troya. - Las leyendas de las regiones Griegas.Mõrchen en Grecia y en Italia. - Seudomitología Itálica.14aMITOLOGÍA GRIEGA921361 2ddccBK c25191d25191 00102ddc41708003aMEVIECARbMEVIECARd2015-12-04hVolumen. 1 | 11/jun/2009l0o398.20938 R673m p14640r2015-12-04 00:00:00tEj. 1w2015-12-04yBK